Zákon Slovenskej národnej rady z 30. septembra 1992 č. 511/1992 Zb. o správe daní a poplatkov a o zmenách v sústave ...
Úplné znenie zákona SNR č. 511/1992 Zb. o správe daní a poplatkov a o zmenách v sústave územných finančných orgánov v znení neskorších zákonov a zákona č. 12/1998 Z.z. Zákon upravuje konanie vo veciach daní, odvodov, poplatkov, pokút, penále a ďalších platieb, ktoré sú príjmom štátneho rozpočtu SR,...
Guardado en:
| Formato: | Capítulo de libro |
|---|---|
| Lenguaje: | eslovaco |
| Materias: | |
| Etiquetas: |
Sin Etiquetas, Sea el primero en etiquetar este registro!
|
MARC
| LEADER | 00000naa a2200000 4500 | ||
|---|---|---|---|
| 001 | r033234 | ||
| 005 | 20230926072832.1 | ||
| 041 | 0 | |a slo | |
| 044 | |a SK | ||
| 245 | 1 | 0 | |a Zákon Slovenskej národnej rady z 30. septembra 1992 č. 511/1992 Zb. o správe daní a poplatkov a o zmenách v sústave ... |
| 520 | |a Úplné znenie zákona SNR č. 511/1992 Zb. o správe daní a poplatkov a o zmenách v sústave územných finančných orgánov v znení neskorších zákonov a zákona č. 12/1998 Z.z. Zákon upravuje konanie vo veciach daní, odvodov, poplatkov, pokút, penále a ďalších platieb, ktoré sú príjmom štátneho rozpočtu SR, štátnych fondov SR a rozpočtov obcí. | ||
| 610 | 2 | 0 | |a dane |
| 610 | 2 | 0 | |a konanie daňové |
| 610 | 2 | 0 | |a poplatky |
| 610 | 2 | 0 | |a orgány finančné |
| 610 | 2 | 0 | |a odvody |
| 610 | 2 | 0 | |a príjmy rozpočtu štátneho |
| 610 | 2 | 0 | |a zákony |
| 610 | 2 | 0 | |a Slovensko |
| 610 | 2 | 0 | |a 1992-1998 |